Yazılarımda köy enstitüleri ve... (Record no. 7206)

MARC details
000 -BAŞLIK
Sabit Uzunlukta Kontrol Alanı 00723na a2200241 4500
001 - KONTROL NUMARASI
Denetim Alanı 20617
003 - KONTROL NUMARASI IDENTIFIER
Denetim Alanı MIRAKIL
005 - SON İŞLEM TARİHİ VE ZAMANI
Denetim Alanı 20181213155131.0
008 - SABİT-BOY VERİ ELEMANLARI - GENEL BİLGİLER
Sabit Uzunlukta Kontrol Alanı 170125b tu 000 0
040 ## - KATALOGLAMA KAYNAK
Orijinal Kataloglama Ajansı Milas
Kataloglama Dili tur
Metne Dönüştürmek Ajansı TR-AnCHP
041 ## - DİL KODU
Metin / Ses Parça Veya Ayrı Başlığın Dil Kodu tur
082 ## - DEWEY ONLU SINIFLANDIRMA NUMARASI
Sınıflandırma Numarası 379.561
Ürün Numarası G94y 1999
090 ## - SINIFLAMA NUMARASI
Sınıflama Numarası 379.561 G94y 1999
100 ## - ANA GİRİŞ - KİŞİSEL İSİM
Kişisel Ad Gülhan, Kadri
245 ## - BAŞLIK TABLOSU
Başlık Yazılarımda köy enstitüleri ve...
Sorumluluk Tablosu, Vb Kadri Gülhan
260 ## - YAYIN, DAĞITIM, VB
Yayın, Dağıtım, Vb Yeri İzmir
Yayıncı, Dağıtıcı, Vs Adı Prizma Yayıncılık
Yayın, Dağıtım, Vb Tarihi 1999
Üretici Firma Kanyılmaz Matbaası
300 ## - FİZİKSEL TANIM
Kapsam 80 s.
Boyutlar 20 sm.
500 ## - GENEL NOT
Genel Not Yapıt yazarından imzalıdır.
650 ## - KONU KATMA GİRİŞ - TOPİKAL DÖNEM
Topikal Süreli Veya Coğrafi Ad Giriş Elemanı Köy enstitüleri
Genel Alt Bölümü Tarih
650 ## - KONU KATMA GİRİŞ - TOPİKAL DÖNEM
Topikal Süreli Veya Coğrafi Ad Giriş Elemanı Eğitim
Genel Alt Bölümü Devlet politkaları
Kronolojik Alt Bölümü Kırsal bölgeler
650 ## - KONU KATMA GİRİŞ - TOPİKAL DÖNEM
Topikal Süreli Veya Coğrafi Ad Giriş Elemanı Eğitim
Genel Alt Bölümü Köy enstitüleri
942 ## - EKLENDİ GİRİŞ ELEMANLARI (KOHA)
Sınıflandırma Veya Raf Düzeni Kaynak Dewey Decimal Classification
Koha Öğesi Türü Books
999 ## - SİSTEM KONTROL NUMARALARI (KOHA)
Koha Biblionumber 7206
Koha Biblioitemnumber 7206
Holdings
Kalıcı Konum Mevcut Konum Edinme Tarihi Edinim Kaynak Toplam Check-Out'Lar Tam Çağrı Numarası Barkod Tarih Son Görülme İtibaren Geçerli Fiyatlar Koha Öğesi Türü
CHP Kütüphanesi CHP Kütüphanesi 01/25/2017 Bağış   379.561 G94y 1999 012612 01/25/2017 01/25/2017 Books